[Event "Verbandsliga MVP 2013-14"]
[Site "MVP"]
[Date "2013.10.20"]
[Round "1.1"]
[White "Engel, Gunnar"]
[Black "Ispirjan, Mikael"]
[Result "1/2-1/2"]
[WhiteElo "2040"]
[BlackElo "1952"]
[PlyCount "97"]
[EventDate "2013.??.??"]
[EventType "team-tourn"]
[EventRounds "9"]
[EventCountry "GER"]
[SourceDate "2013.10.20"]
[WhiteTeam "SSC Rostock 07 II"]
[BlackTeam "SAV Torgelow-Drögeheide 90"]
[WhiteTeamCountry "GER"]
[BlackTeamCountry "GER"]

1. Nf3 Nf6 2. g3 b6 3. Bg2 Bb7 4. d3 e6 5. e4 d6 6. O-O c5 7. c4 Be7 8. Nc3 O-O
9. Re1 Nfd7 10. d4 cxd4 11. Nxd4 a6 12. Be3 Qc7 13. Rc1 Rd8 14. f4 Nc6 15. Nd5
exd5 16. cxd5 Ndb8 17. dxc6 Nxc6 18. Nxc6 Bxc6 19. Qc2 Rac8 20. Bh3 Qb7 21.
Bxc8 Rxc8 22. Bd4 Bd7 23. Qd2 Rxc1 24. Qxc1 d5 25. e5 Bf5 26. Qc3 h5 27. Rc1
Bd8 28. Qc6 Qd7 29. Qxd7 Bxd7 30. Rc3 Kh7 31. f5 b5 32. Rc5 Bxf5 33. Rxd5 Be7
34. Be3 Be6 35. Rd1 Bxa2 36. Ra1 Be6 37. Rxa6 h4 38. Ra7 Bd8 39. Rb7 hxg3 40.
Rxb5 gxh2+ 41. Kxh2 Kg6 42. Bc5 Bg5 43. Bd6 Bf4+ 44. Kg2 Kf5 45. Rc5 Be3 46.
Ra5 g5 47. Bc5 Bd5+ 48. Kf1 Bd2 49. b4 1/2-1/2

[Event "Verbandsliga MVP 2013-14"]
[Site "MVP"]
[Date "2013.10.20"]
[Round "1.2"]
[White "Zentgraf, Robert"]
[Black "Hodl, Ingolf"]
[Result "1-0"]
[WhiteElo "2076"]
[BlackElo "1979"]
[PlyCount "71"]
[EventDate "2013.??.??"]
[EventType "team-tourn"]
[EventRounds "9"]
[EventCountry "GER"]
[SourceDate "2013.10.20"]
[WhiteTeam "SAV Torgelow-Drögeheide 90"]
[BlackTeam "SSC Rostock 07 II"]
[WhiteTeamCountry "GER"]
[BlackTeamCountry "GER"]

1. e4 Nf6 2. e5 Nd5 3. d4 d6 4. c4 Nb6 5. exd6 cxd6 6. Nc3 g6 7. Be3 Bg7 8. Rc1
Nc6 9. d5 Ne5 10. Be2 O-O 11. b3 Bf5 12. f4 Ned7 13. Nf3 Nf6 14. Nd4 Ne4 15.
Bf3 Nxc3 16. Rxc3 Bd7 17. Rc2 Rc8 18. O-O a5 19. Qd3 Na8 20. Qd2 a4 21. b4 Nc7
22. a3 Ne8 23. Re1 Nf6 24. h3 Bf5 25. Nxf5 gxf5 26. Qd3 Qd7 27. Bb6 Bh6 28. Qd4
Bg7 29. Qf2 e6 30. Qd2 Rfe8 31. dxe6 fxe6 32. Rd1 Bf8 33. Rc3 Qf7 34. Qc2 Nd7
35. Bd4 e5 36. Bd5 1-0

[Event "Verbandsliga MVP 2013-14"]
[Site "MVP"]
[Date "2013.10.20"]
[Round "1.3"]
[White "Pererva, Viktor"]
[Black "Onasch, Paul"]
[Result "0-1"]
[WhiteElo "1960"]
[BlackElo "2000"]
[PlyCount "72"]
[EventDate "2013.??.??"]
[EventType "team-tourn"]
[EventRounds "9"]
[EventCountry "GER"]
[SourceDate "2013.10.20"]
[WhiteTeam "SSC Rostock 07 II"]
[BlackTeam "SAV Torgelow-Drögeheide 90"]
[WhiteTeamCountry "GER"]
[BlackTeamCountry "GER"]

1. e4 d5 2. exd5 Qxd5 3. Nc3 Qa5 4. d4 c6 5. Nf3 Nf6 6. Bc4 Bf5 7. Bd2 e6 8.
Qe2 Bb4 9. a3 Nbd7 10. O-O Bxc3 11. Bxc3 Qc7 12. Nh4 Bg6 13. Bd2 Nb6 14. Bd3
Bxd3 15. Qxd3 O-O 16. c3 h6 17. f4 Rad8 18. f5 e5 19. Qg3 Ne4 20. Qg4 Nf6 21.
Qg3 Ne4 22. Qg4 Nf6 23. Qf3 exd4 24. Bf4 Qe7 25. b4 Qe4 26. Qf2 Nbd5 27. Qxd4
Nxf4 28. Qxe4 Nxe4 29. Rxf4 Nxc3 30. Kf2 Rfe8 31. Rc1 Rd2+ 32. Kf3 Rd3+ 33. Kg4
Ne2 34. Re1 h5+ 35. Kg5 f6+ 36. Kg6 Nxf4# 0-1

[Event "Verbandsliga MVP 2013-14"]
[Site "MVP"]
[Date "2013.10.20"]
[Round "1.4"]
[White "Schmekel, Florian"]
[Black "Brack, Peter"]
[Result "1/2-1/2"]
[WhiteElo "1778"]
[BlackElo "1975"]
[PlyCount "114"]
[EventDate "2013.??.??"]
[EventType "team-tourn"]
[EventRounds "9"]
[EventCountry "GER"]
[SourceDate "2013.10.20"]
[WhiteTeam "SAV Torgelow-Drögeheide 90"]
[BlackTeam "SSC Rostock 07 II"]
[WhiteTeamCountry "GER"]
[BlackTeamCountry "GER"]

1. d4 d5 2. c4 e6 3. Nc3 Nf6 4. Bg5 Nbd7 5. Nf3 c6 6. e3 Qa5 7. cxd5 Nxd5 8.
Qd2 N7b6 9. a3 h6 10. Bh4 Nxc3 11. Qxc3 Qxc3+ 12. bxc3 Bd6 13. Bg3 Be7 14. Bd3
Nd7 15. O-O O-O 16. Rfb1 Re8 17. e4 a6 18. a4 c5 19. Bc4 Nf6 20. e5 Ne4 21. Rb3
Rd8 22. Bf4 cxd4 23. cxd4 g5 24. Be3 g4 25. Ne1 Kg7 26. Bd3 Ng5 27. Bxg5 Bxg5
28. Nc2 f6 29. Be2 fxe5 30. dxe5 h5 31. Rd1 Rxd1+ 32. Bxd1 Bf4 33. f3 g3 34.
hxg3 Bxg3 35. Re3 Bd7 36. Nd4 Rc8 37. Ne2 Bh4 38. Rd3 Rc7 39. g3 Be7 40. Bb3
Bg5 41. Nd4 Kf7 42. f4 Bh6 43. Bxe6+ Bxe6 44. Nxe6 Kxe6 45. Rd6+ Kf5 46. Rxh6
Kg4 47. Rg6+ Kf3 48. e6 h4 49. gxh4 Kxf4 50. h5 Kf5 51. Kf2 b5 52. e7 Rxe7 53.
Rxa6 bxa4 54. Rxa4 Rh7 55. Kg3 Rxh5 56. Ra5+ Kg6 57. Rxh5 Kxh5 1/2-1/2

[Event "Verbandsliga MVP 2013-14"]
[Site "MVP"]
[Date "2013.10.20"]
[Round "1.5"]
[White "Mangold, Thomas"]
[Black "Lehmann, Ruben"]
[Result "1-0"]
[WhiteElo "1896"]
[BlackElo "1875"]
[PlyCount "43"]
[EventDate "2013.??.??"]
[EventType "team-tourn"]
[EventRounds "9"]
[EventCountry "GER"]
[SourceDate "2013.10.20"]
[WhiteTeam "SSC Rostock 07 II"]
[BlackTeam "SAV Torgelow-Drögeheide 90"]
[WhiteTeamCountry "GER"]
[BlackTeamCountry "GER"]

1. e4 c6 2. d4 d5 3. f3 e6 4. Nc3 Bb4 5. a3 Bxc3+ 6. bxc3 dxe4 7. Qe2 exf3 8.
Nxf3 Nf6 9. Qe3 Nd5 10. Qf2 Nd7 11. Bd3 Nxc3 12. Qg3 Nf6 13. O-O Nh5 14. Qe5
Nf6 15. Bg5 h6 16. Bh4 Bd7 17. Nd2 Ncd5 18. c4 Qa5 19. Ne4 Nxe4 20. Bxe4 Qc7
21. Qxg7 Rf8 22. cxd5 1-0

[Event "Verbandsliga MVP 2013-14"]
[Site "MVP"]
[Date "2013.10.20"]
[Round "1.6"]
[White "Bauer, Norbert"]
[Black "Celmer, Ole"]
[Result "1-0"]
[WhiteElo "1924"]
[BlackElo "1915"]
[PlyCount "71"]
[EventDate "2013.??.??"]
[EventType "team-tourn"]
[EventRounds "9"]
[EventCountry "GER"]
[SourceDate "2013.10.20"]
[WhiteTeam "SAV Torgelow-Drögeheide 90"]
[BlackTeam "SSC Rostock 07 II"]
[WhiteTeamCountry "GER"]
[BlackTeamCountry "GER"]

1. d4 Nf6 2. c4 e6 3. Nf3 b6 4. a3 Bb7 5. Nc3 Be7 6. d5 exd5 7. cxd5 O-O 8. g3
a5 9. Bg2 Na6 10. O-O Nc5 11. Nd4 Bd6 12. h3 Re8 13. Nf5 Be5 14. Bd2 Bxc3 15.
Bxc3 Ba6 16. Re1 Nce4 17. Bxe4 Rxe4 18. f3 Re8 19. e4 d6 20. g4 Bc8 21. Qd2
Bxf5 22. exf5 Rxe1+ 23. Rxe1 Nd7 24. Kg2 Qh4 25. Qd4 Nf6 26. Re2 Qh6 27. Bd2 g5
28. Bc3 Kg7 29. h4 Rg8 30. h5 Rc8 31. Kg3 c5 32. dxc6 Rxc6 33. Re7 Kf8 34. Qxf6
Qxf6 35. Bxf6 d5 36. Bxg5 1-0

[Event "Verbandsliga MVP 2013-14"]
[Site "MVP"]
[Date "2013.10.20"]
[Round "1.7"]
[White "Menkhaus, Wolf Dieter"]
[Black "Ehlers, Michael"]
[Result "1-0"]
[WhiteElo "1821"]
[BlackElo "1882"]
[PlyCount "85"]
[EventDate "2013.??.??"]
[EventType "team-tourn"]
[EventRounds "9"]
[EventCountry "GER"]
[SourceDate "2013.10.20"]
[WhiteTeam "SSC Rostock 07 II"]
[BlackTeam "SAV Torgelow-Drögeheide 90"]
[WhiteTeamCountry "GER"]
[BlackTeamCountry "GER"]

1. d4 Nf6 2. c4 g6 3. Nc3 d5 4. cxd5 Nxd5 5. e4 Nxc3 6. bxc3 Bg7 7. Rb1 O-O 8.
Nf3 c5 9. Be2 Nc6 10. d5 Bxc3+ 11. Bd2 Bxd2+ 12. Qxd2 Nd4 13. Nxd4 cxd4 14.
Qxd4 Qa5+ 15. Qd2 Qxd2+ 16. Kxd2 Rd8 17. Ke3 b6 18. Rhc1 Bd7 19. Ba6 e6 20. Bb7
Rab8 21. Rc7 Kf8 22. Kf4 Ke8 23. Ke5 exd5 24. exd5 Bf5 25. Rb4 Kf8 26. Bc6 a6
27. g4 Bd3 28. Rd4 Bb1 29. a4 b5 30. Rf4 f5 31. Rxh7 b4 32. gxf5 Kg8 33. Rfh4
gxf5 34. d6 f4 35. Bd5+ Kf8 36. Re7 Rxd6 37. Kxd6 Rb6+ 38. Kd7 Bf5+ 39. Kc7 Rf6
40. Re5 Bc2 41. Rh8+ Kg7 42. Rb8 Bxa4 43. Rg5+ 1-0

[Event "Verbandsliga MVP 2013-14"]
[Site "MVP"]
[Date "2013.10.20"]
[Round "1.8"]
[White "Massloch, Philipp"]
[Black "Schumann, Rabea"]
[Result "1/2-1/2"]
[WhiteElo "1648"]
[BlackElo "1687"]
[PlyCount "96"]
[EventDate "2013.??.??"]
[EventType "team-tourn"]
[EventRounds "9"]
[EventCountry "GER"]
[SourceDate "2013.10.20"]
[WhiteTeam "SAV Torgelow-Drögeheide 90"]
[BlackTeam "SSC Rostock 07 II"]
[WhiteTeamCountry "GER"]
[BlackTeamCountry "GER"]

1. e4 c5 2. Nf3 Nc6 3. d4 cxd4 4. Nxd4 g6 5. Nc3 Bg7 6. Be3 Nf6 7. Bc4 d6 8.
Bb3 O-O 9. f3 Bd7 10. Qd2 a6 11. O-O-O Qc7 12. h4 Rfc8 13. g4 Qa5 14. h5 Ne5
15. hxg6 hxg6 16. Bh6 Bh8 17. Nf5 Bxf5 18. gxf5 d5 19. fxg6 Nxf3 20. Nxd5 Qxd2+
21. Rxd2 Nxd5 22. Bxd5 e6 23. gxf7+ Kxf7 24. Rf2 exd5 25. Rxf3+ Ke6 26. exd5+
Kxd5 27. Rd3+ Kc6 28. Rh4 Rg8 29. Rc4+ Kb5 30. b3 Rg1+ 31. Kd2 Rg2+ 32. Ke3
Rg3+ 33. Kf4 Rxd3 34. cxd3 Rd8 35. Ke3 Re8+ 36. Kd2 a5 37. a4+ Ka6 38. Be3 Bg7
39. Re4 Rc8 40. Re6+ Rc6 41. Rxc6+ bxc6 42. d4 Kb6 43. Kd3 Bf8 44. Kc4 Bb4 45.
d5+ Kb7 46. Bc5 cxd5+ 47. Kxd5 Bd2 48. Bd4 Ka6 1/2-1/2

[Event "Verbandsliga MVP 2013-14"]
[Site "MVP"]
[Date "2013.10.27"]
[Round "1.1"]
[White "Hornych, Christoph"]
[Black "Dettmann, Gerd"]
[Result "1-0"]
[WhiteElo "2061"]
[BlackElo "2088"]
[PlyCount "103"]
[EventDate "2013.??.??"]
[EventType "team-tourn"]
[EventRounds "9"]
[EventCountry "GER"]
[SourceDate "2013.10.20"]
[WhiteTeam "SF Ostsee Warnemünde"]
[BlackTeam "SG Güstrow/Teterow"]
[WhiteTeamCountry "GER"]
[BlackTeamCountry "GER"]

1. e4 c5 2. Nf3 d6 3. d4 cxd4 4. Nxd4 Nf6 5. Nc3 a6 6. Be2 e5 7. Nb3 b5 8. a4
b4 9. Nd5 Bb7 10. Bg5 Nbd7 11. f3 Bxd5 12. exd5 Be7 13. a5 O-O 14. O-O Nh5 15.
Bd2 Bg5 16. Ra4 Bxd2 17. Qxd2 Nf4 18. g3 Nxe2+ 19. Qxe2 Qc7 20. Rxb4 Rfc8 21.
Rc1 Nc5 22. Rc4 f6 23. Nxc5 dxc5 24. Qd2 Rab8 25. b3 Qd6 26. Rd1 Rb5 27. Kg2
Rcb8 28. Qc3 h6 29. h4 Kh8 30. Rd2 Kg8 31. Rd3 Kh8 32. Qd2 Rd8 33. Ra4 Rdb8 34.
f4 Rb4 35. fxe5 fxe5 36. Rxb4 cxb4 37. c4 bxc3 38. Rxc3 e4 39. Qf4 Qxf4 40.
gxf4 Rb5 41. d6 Kh7 42. Kf2 Rxa5 43. Ke3 Rd5 44. Rc6 Kg6 45. Kxe4 Rd2 46. Ke5
Re2+ 47. Kd5 Kf6 48. Rxa6 Rd2+ 49. Kc6 Ke6 50. Kc7 g6 51. b4 h5 52. Ra5 1-0

[Event "Verbandsliga MVP 2013-14"]
[Site "MVP"]
[Date "2013.10.27"]
[Round "1.2"]
[White "Waschk, Armin"]
[Black "Ruesch, Hans Joachim"]
[Result "1-0"]
[WhiteElo "2076"]
[BlackElo "1984"]
[PlyCount "61"]
[EventDate "2013.??.??"]
[EventType "team-tourn"]
[EventRounds "9"]
[EventCountry "GER"]
[SourceDate "2013.10.20"]
[WhiteTeam "SG Güstrow/Teterow"]
[BlackTeam "SF Ostsee Warnemünde"]
[WhiteTeamCountry "GER"]
[BlackTeamCountry "GER"]

1. e4 g6 2. d4 Bg7 3. Nc3 d6 4. Be3 Nf6 5. Qd2 a6 6. O-O-O b5 7. f3 c6 8. h4 h5
9. Nh3 Qa5 10. Kb1 b4 11. Ne2 Nbd7 12. Nef4 Rb8 13. Ng5 Nb6 14. b3 Nfd7 15. g4
d5 16. gxh5 Na4 17. bxa4 Nb6 18. exd5 cxd5 19. Ka1 Nxa4 20. Rb1 gxh5 21. Bh3
Bxh3 22. Nfxh3 Rh6 23. Nxf7 Rc6 24. Ne5 Rc3 25. Rb3 Rbc8 26. Rc1 Qb5 27. Qg2
Bxe5 28. dxe5 d4 29. Bxd4 Qd5 30. Bxc3 Nxc3 31. Qg6+ 1-0

[Event "Verbandsliga MVP 2013-14"]
[Site "MVP"]
[Date "2013.10.27"]
[Round "1.3"]
[White "Hamann, Dirk"]
[Black "Luther, Alexander"]
[Result "0-1"]
[WhiteElo "1878"]
[BlackElo "1907"]
[PlyCount "76"]
[EventDate "2013.??.??"]
[EventType "team-tourn"]
[EventRounds "9"]
[EventCountry "GER"]
[SourceDate "2013.10.20"]
[WhiteTeam "SF Ostsee Warnemünde"]
[BlackTeam "SG Güstrow/Teterow"]
[WhiteTeamCountry "GER"]
[BlackTeamCountry "GER"]

1. e4 c5 2. Nf3 e6 3. d4 cxd4 4. Nxd4 Nf6 5. Nc3 Nc6 6. Be2 Be7 7. O-O O-O 8.
Kh1 e5 9. Nf5 Bb4 10. Nd5 Nxd5 11. exd5 Ne7 12. Nxe7+ Qxe7 13. a3 Bd6 14. Be3
f5 15. f3 f4 16. Bg1 Rf6 17. Bd3 Qe8 18. c4 b6 19. b4 Bc7 20. c5 d6 21. c6 Qh5
22. a4 Rh6 23. Rf2 Bd8 24. Rc2 Bh4 25. Raa2 Bg3 26. h3 g5 27. a5 bxa5 28. bxa5
g4 29. fxg4 Bxg4 30. Be2 Bxe2 31. Qxe2 Qf5 32. Bh2 Bxh2 33. Kxh2 e4 34. g4
fxg3+ 35. Kg1 Rf8 36. c7 Qxh3 37. Qg2 Qg4 38. Re2 Rh2 0-1

[Event "Verbandsliga MVP 2013-14"]
[Site "MVP"]
[Date "2013.10.27"]
[Round "1.4"]
[White "Dettmann, Holger"]
[Black "Wolke, Heiko"]
[Result "0-1"]
[WhiteElo "1896"]
[BlackElo "1910"]
[PlyCount "84"]
[EventDate "2013.??.??"]
[EventType "team-tourn"]
[EventRounds "9"]
[EventCountry "GER"]
[SourceDate "2013.10.20"]
[WhiteTeam "SG Güstrow/Teterow"]
[BlackTeam "SF Ostsee Warnemünde"]
[WhiteTeamCountry "GER"]
[BlackTeamCountry "GER"]

1. d4 c5 2. Nf3 cxd4 3. Nxd4 Nc6 4. e3 Nf6 5. Be2 d5 6. O-O e5 7. Nxc6 bxc6 8.
c4 Be7 9. cxd5 cxd5 10. b3 O-O 11. Bb2 Bd6 12. Nc3 Bb7 13. Nb5 Bb8 14. Rc1 a6
15. Na3 Qd6 16. Nc2 Rd8 17. Ba3 Qe6 18. Nb4 Rd7 19. Nd3 Ne4 20. Bf3 Ba7 21. Nc5
Nxc5 22. Bxc5 Bxc5 23. Rxc5 Rad8 24. Bg4 f5 25. Bh3 g6 26. Qc1 d4 27. exd4 Rxd4
28. Re1 R8d5 29. g3 Qd6 30. Rc8+ Bxc8 31. Qxc8+ Kg7 32. Bf1 Rd1 33. Rxd1 Rxd1
34. Qb7+ Kh6 35. Qf3 a5 36. h4 Qd4 37. Kg2 Qd2 38. Bc4 Qe1 39. Kh3 Qd2 40. Qa8
Qxf2 41. Bd5 Rd3 42. Qf8+ Kh5 0-1

[Event "Verbandsliga MVP 2013-14"]
[Site "MVP"]
[Date "2013.10.27"]
[Round "1.5"]
[White "Birnbaum, Wolf Dieter"]
[Black "Kiel, Bernd"]
[Result "1/2-1/2"]
[WhiteElo "1828"]
[BlackElo "1909"]
[PlyCount "69"]
[EventDate "2013.??.??"]
[EventType "team-tourn"]
[EventRounds "9"]
[EventCountry "GER"]
[SourceDate "2013.10.20"]
[WhiteTeam "SF Ostsee Warnemünde"]
[BlackTeam "SG Güstrow/Teterow"]
[WhiteTeamCountry "GER"]
[BlackTeamCountry "GER"]

1. Nf3 Nf6 2. g3 g6 3. Bg2 Bg7 4. O-O O-O 5. d4 d5 6. c4 dxc4 7. Na3 c3 8. bxc3
c5 9. Nc4 cxd4 10. cxd4 Nc6 11. Bb2 Be6 12. Nfe5 Nxe5 13. Nxe5 Bd5 14. f3 b6
15. e4 Bb7 16. Qa4 a6 17. Rac1 b5 18. Qb3 Qb6 19. Rfd1 e6 20. Bh3 Rfd8 21. Nc4
Qa7 22. Na5 Rab8 23. Rc7 Qb6 24. Rdc1 Ne8 25. Rxb7 Rxb7 26. Nxb7 Qxb7 27. e5
Rc8 28. Rxc8 Qxc8 29. d5 Qc5+ 30. Kf1 Qxd5 31. Qxd5 exd5 32. Ke2 Nc7 33. Ke3
Ne6 34. f4 Bf8 35. Bd4 1/2-1/2

[Event "Verbandsliga MVP 2013-14"]
[Site "MVP"]
[Date "2013.10.27"]
[Round "1.6"]
[White "Fidorra, Thomas"]
[Black "Schmidt, Reinhard"]
[Result "1-0"]
[WhiteElo "1847"]
[BlackElo "1793"]
[PlyCount "99"]
[EventDate "2013.??.??"]
[EventType "team-tourn"]
[EventRounds "9"]
[EventCountry "GER"]
[SourceDate "2013.10.20"]
[WhiteTeam "SG Güstrow/Teterow"]
[BlackTeam "SF Ostsee Warnemünde"]
[WhiteTeamCountry "GER"]
[BlackTeamCountry "GER"]

1. e4 c5 2. Nf3 e6 3. d4 cxd4 4. Nxd4 Bc5 5. Nb3 Be7 6. Nc3 d6 7. Be3 Nf6 8.
Bb5+ Nc6 9. O-O O-O 10. f4 d5 11. e5 Ne8 12. Rf3 f5 13. Rh3 g6 14. Qe2 a6 15.
Bxc6 bxc6 16. Na4 Rf7 17. Bb6 Qd7 18. Qf2 c5 19. Naxc5 Qb5 20. Ba5 Rb8 21. Rc3
Ng7 22. a4 Qe8 23. Qd4 g5 24. Nd3 Nh5 25. Rc7 Rb7 26. Rxb7 Bxb7 27. Qb6 Bc8 28.
Bb4 gxf4 29. Bxe7 Rxe7 30. Qf2 Rg7 31. Nbc5 Qg6 32. Ra3 Qg4 33. Kf1 Qd1+ 34.
Ne1 d4 35. Rd3 Qc1 36. Qxd4 Rf7 37. Qd8+ Rf8 38. Qg5+ Ng7 39. Rd8 Qxb2 40.
Rxf8+ Kxf8 41. Qf6+ Kg8 42. Qd8+ Kf7 43. Qxc8 Qxe5 44. Qd7+ Kg6 45. Nxa6 Qc3
46. Qd3 Qa5 47. Qc4 e5 48. Nc5 Qd2 49. Qd3 Qa5 50. Qa6+ 1-0

[Event "Verbandsliga MVP 2013-14"]
[Site "MVP"]
[Date "2013.10.27"]
[Round "1.7"]
[White "Vladov, Mark"]
[Black "Ramp, Oliver"]
[Result "0-1"]
[WhiteElo "1617"]
[BlackElo "1808"]
[PlyCount "74"]
[EventDate "2013.??.??"]
[EventType "team-tourn"]
[EventRounds "9"]
[EventCountry "GER"]
[SourceDate "2013.10.20"]
[WhiteTeam "SF Ostsee Warnemünde"]
[BlackTeam "SG Güstrow/Teterow"]
[WhiteTeamCountry "GER"]
[BlackTeamCountry "GER"]

1. c4 e5 2. Nc3 Nf6 3. Nf3 Nc6 4. g3 d5 5. cxd5 Nxd5 6. Bg2 Nb6 7. d3 Be7 8.
O-O Be6 9. h4 Qd7 10. Ng5 Bxg5 11. Bxg5 f6 12. Bd2 Bh3 13. Kh2 Bxg2 14. Kxg2 h5
15. a4 O-O-O 16. a5 Nd5 17. Qa4 g5 18. Rh1 Nxc3 19. Bxc3 Qd5+ 20. e4 Qxd3 21.
a6 Qxa6 22. Qxa6 bxa6 23. Rxa6 Kb7 24. Ra4 Rd3 25. hxg5 fxg5 26. Rc1 h4 27. Rc4
h3+ 28. Kh2 g4 29. b4 Rf8 30. Be1 Nd4 31. Rxc7+ Kb6 32. Rh7 Nf3+ 33. Kh1 Nxe1
34. Rxe1 Rxf2 35. Ra1 Rdd2 36. Rhxa7 Rh2+ 37. Kg1 Rdg2+ 0-1

[Event "Verbandsliga MVP 2013-14"]
[Site "MVP"]
[Date "2013.10.27"]
[Round "1.8"]
[White "Ebert, Lutz"]
[Black "Boecking, Uwe"]
[Result "0-1"]
[WhiteElo "1758"]
[BlackElo "1749"]
[PlyCount "102"]
[EventDate "2013.??.??"]
[EventType "team-tourn"]
[EventRounds "9"]
[EventCountry "GER"]
[SourceDate "2013.10.20"]
[WhiteTeam "SG Güstrow/Teterow"]
[BlackTeam "SF Ostsee Warnemünde"]
[WhiteTeamCountry "GER"]
[BlackTeamCountry "GER"]

1. Nf3 d5 2. b4 Qd6 3. b5 c5 4. c4 d4 5. e3 e5 6. exd4 exd4 7. d3 Nf6 8. Be2
Be7 9. O-O O-O 10. a4 a5 11. Bg5 Bg4 12. Nbd2 Nbd7 13. Bh4 Qb6 14. Nxd4 cxd4
15. Bxg4 Bb4 16. Bxf6 Nxf6 17. Bf3 Rfe8 18. Qc2 Nd7 19. Rfe1 Nc5 20. Rxe8+ Rxe8
21. Ne4 Nxe4 22. Bxe4 Qc7 23. g3 b6 24. f4 Qd8 25. f5 Qg5 26. Rf1 Qf6 27. Qd1
h6 28. Qf3 Bd2 29. Kg2 Qd6 30. Qd1 Be3 31. Qh5 Qf6 32. h4 Re5 33. Kh3 g5 34.
Qg4 Kg7 35. hxg5 Bxg5 36. Qd1 Qd6 37. Qg4 Qf6 38. Kg2 Kf8 39. Rf2 Rc5 40. Re2
Re5 41. Rc2 Qe7 42. Qh5 Rxe4 43. f6 Qe8 44. dxe4 Qxe4+ 45. Qf3 Qxc2+ 46. Kh3
Kg8 47. Qa8+ Kh7 48. Qd5 Kg6 49. Qxd4 Qf5+ 50. g4 Qf3+ 51. Kh2 Bf4+ 0-1

[Event "Verbandsliga MVP 2013-14"]
[Site "MVP"]
[Date "2013.10.27"]
[Round "1.1"]
[White "Mehl, Ronald"]
[Black "Schwetlick, Thomas"]
[Result "1-0"]
[WhiteElo "2081"]
[BlackElo "1846"]
[PlyCount "83"]
[EventDate "2013.??.??"]
[EventType "team-tourn"]
[EventRounds "9"]
[EventCountry "GER"]
[SourceDate "2013.10.20"]
[WhiteTeam "FHSG Stralsund"]
[BlackTeam "HSG Uni Rostock"]
[WhiteTeamCountry "GER"]
[BlackTeamCountry "GER"]

1. Nf3 Nf6 2. c4 g6 3. d4 Bg7 4. g3 O-O 5. Bg2 d6 6. O-O Nbd7 7. Nc3 e5 8. e3
c6 9. b3 Re8 10. Ba3 e4 11. Nd2 d5 12. cxd5 cxd5 13. Rc1 a6 14. Na4 b6 15. Qc2
a5 16. Rfe1 Ba6 17. Qc7 Rc8 18. Qxd8 Rexd8 19. Bd6 Rxc1 20. Rxc1 Ne8 21. Be7
Rb8 22. f3 f5 23. fxe4 dxe4 24. Nb2 h6 25. a4 Kf7 26. Ba3 Ndf6 27. Nbc4 Nd5 28.
Bf1 Ke6 29. Kf2 Nef6 30. Ne5 Bb7 31. h3 g5 32. Bb5 f4 33. gxf4 gxf4 34. Nf1 Bf8
35. Bxf8 Rxf8 36. exf4 Kf5 37. Ng3+ Ke6 38. f5+ Kd6 39. Nc4+ Ke7 40. Nxb6 e3+
41. Ke1 Kd6 42. Nc4+ 1-0

[Event "Verbandsliga MVP 2013-14"]
[Site "MVP"]
[Date "2013.10.27"]
[Round "1.2"]
[White "Moeller, Peter"]
[Black "Hubert, Peter"]
[Result "1/2-1/2"]
[WhiteElo "1965"]
[BlackElo "1992"]
[PlyCount "50"]
[EventDate "2013.??.??"]
[EventType "team-tourn"]
[EventRounds "9"]
[EventCountry "GER"]
[SourceDate "2013.10.20"]
[WhiteTeam "HSG Uni Rostock"]
[BlackTeam "FHSG Stralsund"]
[WhiteTeamCountry "GER"]
[BlackTeamCountry "GER"]

1. Nf3 Nf6 2. g3 g6 3. Bg2 Bg7 4. d3 O-O 5. e4 d6 6. O-O e5 7. h3 Nc6 8. c3 Bd7
9. Be3 Qc8 10. Kh2 h6 11. b4 g5 12. Ng1 a5 13. b5 Ne7 14. a4 c6 15. Qb3 Be6 16.
Qa3 Qd7 17. Nd2 Ng6 18. Nc4 Bxc4 19. dxc4 Qe6 20. Qa2 c5 21. Rfd1 b6 22. Qe2
Ra7 23. Rd2 Rd7 24. Rad1 Re8 25. Qd3 Bf8 1/2-1/2

[Event "Verbandsliga MVP 2013-14"]
[Site "MVP"]
[Date "2013.10.27"]
[Round "1.3"]
[White "Kohn, Andreas"]
[Black "Hammel, Ralf"]
[Result "1/2-1/2"]
[WhiteElo "1923"]
[BlackElo "1967"]
[PlyCount "86"]
[EventDate "2013.??.??"]
[EventType "team-tourn"]
[EventRounds "9"]
[EventCountry "GER"]
[SourceDate "2013.10.20"]
[WhiteTeam "FHSG Stralsund"]
[BlackTeam "HSG Uni Rostock"]
[WhiteTeamCountry "GER"]
[BlackTeamCountry "GER"]

1. e4 e6 2. d4 d5 3. e5 c5 4. c3 Nc6 5. Nf3 Qb6 6. Bd3 cxd4 7. cxd4 Bd7 8. O-O
Nxd4 9. Nxd4 Qxd4 10. Nc3 a6 11. Qe2 Ne7 12. Rd1 Nc6 13. Bxa6 Qxe5 14. Qxe5
Nxe5 15. Bxb7 Ra7 16. Bxd5 exd5 17. Re1 f6 18. f4 Bc5+ 19. Kh1 d4 20. Nb1 O-O
21. fxe5 fxe5 22. Nd2 Bc6 23. Rxe5 Rf2 24. Rxc5 Re7 25. Kg1 Rxg2+ 26. Kf1 Rf7+
27. Ke1 Re7+ 28. Kd1 Be8 29. Kc2 Rxh2 30. a4 h5 31. a5 h4 32. a6 Ra7 33. b4 Rh3
34. b5 Bxb5 35. Rxb5 Rc3+ 36. Kb2 h3 37. Nf1 Rf3 38. Nd2 h2 39. Rh5 Rf2 40. Kc2
g6 41. Rh3 g5 42. Bb2 g4 43. Rg3 Rxa6 1/2-1/2

[Event "Verbandsliga MVP 2013-14"]
[Site "MVP"]
[Date "2013.10.27"]
[Round "1.4"]
[White "Kutschke, Peter"]
[Black "Kohn, Thomas"]
[Result "1-0"]
[WhiteElo "1932"]
[BlackElo "1875"]
[PlyCount "61"]
[EventDate "2013.??.??"]
[EventType "team-tourn"]
[EventRounds "9"]
[EventCountry "GER"]
[SourceDate "2013.10.20"]
[WhiteTeam "HSG Uni Rostock"]
[BlackTeam "FHSG Stralsund"]
[WhiteTeamCountry "GER"]
[BlackTeamCountry "GER"]

1. e4 c5 2. c4 g6 3. Nf3 Bg7 4. d4 cxd4 5. Nxd4 Nc6 6. Be3 Nf6 7. Nc3 Ng4 8.
Qxg4 Nxd4 9. Qd1 e5 10. Qd2 O-O 11. Bd3 d6 12. O-O Be6 13. Rad1 Qd7 14. Ne2 Nc6
15. b3 Rad8 16. Bb1 f5 17. f4 Qf7 18. Nc3 a6 19. Nd5 Kh8 20. h3 Bh6 21. Qf2
fxe4 22. Bxe4 Bg7 23. Qd2 Bf5 24. fxe5 dxe5 25. g4 Qe6 26. gxf5 gxf5 27. Bg2 f4
28. Bb6 Rd7 29. Nxf4 Rxd2 30. Nxe6 Rxd1 31. Rxd1 1-0

[Event "Verbandsliga MVP 2013-14"]
[Site "MVP"]
[Date "2013.10.27"]
[Round "1.5"]
[White "Giese, Lothar"]
[Black "Giese, Guido"]
[Result "1/2-1/2"]
[WhiteElo "1782"]
[BlackElo "1899"]
[PlyCount "92"]
[EventDate "2013.??.??"]
[EventType "team-tourn"]
[EventRounds "9"]
[EventCountry "GER"]
[SourceDate "2013.10.20"]
[WhiteTeam "FHSG Stralsund"]
[BlackTeam "HSG Uni Rostock"]
[WhiteTeamCountry "GER"]
[BlackTeamCountry "GER"]

1. c4 Nf6 2. Nc3 g6 3. d4 Bg7 4. e4 d6 5. Nf3 O-O 6. Be2 Na6 7. h3 e5 8. d5 Nc5
9. Bg5 a5 10. O-O h6 11. Bxf6 Qxf6 12. Nh2 Qe7 13. Qd2 f5 14. f3 f4 15. Ng4 h5
16. Nf2 Bf6 17. Nd3 Nxd3 18. Bxd3 Bh4 19. Kh1 b6 20. a3 g5 21. Rg1 Bg3 22. Ne2
Bf2 23. Nxf4 Bxg1 24. Ng6 Qf6 25. Nxf8 Bd4 26. Ne6 Bxe6 27. dxe6 c5 28. Rf1 Ra7
29. a4 Rg7 30. b3 Qxe6 31. g4 Qh6 32. Kg2 Rh7 33. Rh1 hxg4 34. fxg4 Rf7 35. Rf1
Rf4 36. Rxf4 exf4 37. Qe2 Qh4 38. Qf3 Qe1 39. Bf1 Qd2+ 40. Be2 Qc1 41. Bf1 Qb2+
42. Be2 Be3 43. e5 Qxe5 44. Qd5+ Qxd5+ 45. cxd5 Kg7 46. Kf3 Kf6 1/2-1/2